000 01096cam a2200301 i 4500
999 _c6909
_d6909
001 6909
003 Mx-PuUPA
005 20240410103442.0
008 140415s1983 a r 000 0 spa d
020 _a9682603765
040 _aMx-PuUPA
_bspa
_cMx-PuUPA
_dMx-PuUPA
_erda
041 1 _aspa
_heng
100 1 _aMace, Herbert,
_eautor
_98656
240 1 4 _aThe complete handbook of bee-keeping.
_lEspañol
245 1 0 _aManual completo de apicultura /
_cHerbert Mace ; traducido por Emeterio Elu Acha
250 _aPrimera edición
264 4 _aMéxico, D.F. :
_bCompañía Editorial Continental,
_c©1983
300 _a239 páginas :
_bilustraciones ;
_c26 cm.
336 _2rdacontent
_atexto
_btxt
337 _2rdamedia
_asin medio
_bn
338 _2rdacarrier
_avolumen
_bnc
650 4 _aApicultura
_vManual
700 1 _aElu Acha, Emeterio,
_etraductor
765 0 _aMace, Herbert
_dLondon : Ward Lock Limited, [Año de publicación no identificada]
_tThe complete handbook of bee-keeping
942 _2ddc
_cLI
_h638.1
_iM113